00493nam a2200193 a 4500001001300000003000900013005001700022008004100039020001000080082001600090100002400106245002200130260003100152300000900183500003500192505002800227650002000255700002400275nice12345678IN_TiNIC20260116011415.0050524s1904 teha grp 000 0 per  ac10000a891.53bAHM aAhmek Khan, Ibrahim aIkhlaq-E-Mosawwir aTehranbNo Publisherc1904 a210p aincludes index and biblioraphy2 aHand Written Manuscript aPersian Fiction1 aAhmek Khan, Ibrahim